Internally displaced people in Colombia, victims in permanent transition (Registro nro. 6871)
[ vista simple ]
| 000 -LEADER | |
|---|---|
| fixed length control field | 01971cam a2200361 i 4500 |
| 001 - CONTROL NUMBER | |
| control field | ocn839300136 |
| 003 - CONTROL NUMBER IDENTIFIER | |
| control field | OCoLC |
| 005 - DATE AND TIME OF LATEST TRANSACTION | |
| control field | 20200921150511.0 |
| 008 - FIXED-LENGTH DATA ELEMENTS--GENERAL INFORMATION | |
| fixed length control field | 160401s2009 ck ad gr 00 0 eng d |
| 020 ## - INTERNATIONAL STANDARD BOOK NUMBER | |
| International Standard Book Number | 9789589307946 |
| 040 0# - CATALOGING SOURCE | |
| Original cataloging agency | FRCEM |
| Transcribing agency | CO-JMCR |
| 041 0# - LANGUAGE CODE | |
| Language code of text/sound track or separate title | eng |
| 082 04 - DEWEY DECIMAL CLASSIFICATION NUMBER | |
| Classification number | 303.62 / |
| Item number | J617i |
| Edition number | 23 |
| 100 1# - MAIN ENTRY--PERSONAL NAME | |
| Personal name | Jiménez Ocampo, Sandro, |
| Relator term | autor |
| -- | coordinador |
| 9 (RLIN) | 10595 |
| 245 10 - TITLE STATEMENT | |
| Title | Internally displaced people in Colombia, victims in permanent transition |
| Remainder of title | ethical and political dilemas of reparative justice in the midst of internal armed conflict |
| Statement of responsibility, etc. | Sandro Jiménez Ocampo [y otros cuatro] |
| 246 30 - VARYING FORM OF TITLE | |
| Title proper/short title | Ethical and political dilemas of reparative justice in the midst of internal armed conflict |
| 246 38 - VARYING FORM OF TITLE | |
| Title proper/short title | Reparative justice and forced displacement |
| 250 ## - EDITION STATEMENT | |
| Edition statement | First edition. |
| 264 #1 - PRODUCTION, PUBLICATION, DISTRIBUTION, MANUFACTURE, AND COPYRIGHT NOTICE | |
| Place of production, publication, distribution, manufacture | Cartagena : |
| Name of producer, publisher, distributor, manufacturer | Grupo de Investigación del Desarrollo Social (GIDES), Universidad de San Buenaventura, |
| Date of production, publication, distribution, manufacture, or copyright notice | 2009. |
| 300 ## - PHYSICAL DESCRIPTION | |
| Extent | 326 páginas : |
| Other physical details | ilustraciones, gráficas ; |
| Dimensions | 21 cm. |
| 504 ## - BIBLIOGRAPHY, ETC. NOTE | |
| Bibliography, etc. note | Incluye referencias bibliográficas: páginas 305-324. |
| 505 0# - FORMATTED CONTENTS NOTE | |
| Formatted contents note | Armed conflict and forced displacement in Colombia. -- Transition discourses an victim attention systems as armed conflict management devices in Colombia. -- Reparation discourses: the political restitution of victims. -- Damage, loss and expectations of reparation: the victims´voices. -- Challenges for the reparation of victims of forced displacement. -- The collective actions of the displaced population |
| 546 ## - LANGUAGE NOTE | |
| Language note | Texto en inglés. |
| 650 14 - SUBJECT ADDED ENTRY--TOPICAL TERM | |
| Topical term or geographic name entry element | Conflicto armado |
| General subdivision | Investigaciones |
| Geographic subdivision | Colombia |
| 9 (RLIN) | 10596 |
| 650 24 - SUBJECT ADDED ENTRY--TOPICAL TERM | |
| Topical term or geographic name entry element | Refugiados |
| Geographic subdivision | Colombia |
| 9 (RLIN) | 10597 |
| 650 24 - SUBJECT ADDED ENTRY--TOPICAL TERM | |
| Topical term or geographic name entry element | Desplazamiento forzado |
| Geographic subdivision | Colombia |
| 9 (RLIN) | 8042 |
| 650 24 - SUBJECT ADDED ENTRY--TOPICAL TERM | |
| Topical term or geographic name entry element | Migración interna |
| Geographic subdivision | Colombia |
| 9 (RLIN) | 10598 |
| 650 24 - SUBJECT ADDED ENTRY--TOPICAL TERM | |
| Topical term or geographic name entry element | Paramilitares |
| Geographic subdivision | Colombia |
| 9 (RLIN) | 10599 |
| 650 24 - SUBJECT ADDED ENTRY--TOPICAL TERM | |
| Topical term or geographic name entry element | Víctimas de guerra |
| Geographic subdivision | Colombia |
| 9 (RLIN) | 8863 |
| 650 24 - SUBJECT ADDED ENTRY--TOPICAL TERM | |
| Topical term or geographic name entry element | Reparaciones (Derecho internacional) |
| 9 (RLIN) | 10600 |
| 651 #4 - SUBJECT ADDED ENTRY--GEOGRAPHIC NAME | |
| Geographic name | Colombia |
| General subdivision | Condiciones sociales |
| 9 (RLIN) | 9846 |
| 942 ## - ADDED ENTRY ELEMENTS (KOHA) | |
| Source of classification or shelving scheme | Dewey Decimal Classification |
| Koha item type | Books |
| Withdrawn status | Lost status | Source of classification or shelving scheme | Damaged status | Not for loan | Home library | Current library | Shelving location | Date acquired | Source of acquisition | Total Checkouts | Full call number | Barcode | Date last seen | Copy number | Price effective from | Koha item type |
|---|---|---|---|---|---|---|---|---|---|---|---|---|---|---|---|---|
| Dewey Decimal Classification | Biblioteca Pública José María del Castillo y Rada | Biblioteca Pública José María del Castillo y Rada | General Stacks | 04/15/2018 | Donación | 303.62 / J617i | 201810111 | 05/16/2024 | Ej.1 | 04/15/2018 | Books |